| 000 | 00836nam a2200217 a 4500 | ||
|---|---|---|---|
| 001 | 015163 | ||
| 003 | BD-ChCU | ||
| 008 | Ben | ||
| 020 | _a | ||
| 040 |
_aDLC _cDLC _dBD-ChCU |
||
| 082 | 0 | 0 | _a৩২৭/কার৯৬দু |
| 100 | 1 |
_aকার, ই.এইচ _b- |
|
| 245 | 1 | 0 |
_aদুই বিশ্বযুদ্ধের অন্তর্বতর্ীকালে আনর্্তজাতিক সম্পর্ক (১৯১৯-১৯৩৯) _b- |
| 250 | _a*** | ||
| 260 |
_aঢাকা _bবাংলা একাডেমী _c১৯৯১ |
||
| 300 | _a** | ||
| 504 | _a- Biblio- | ||
| 650 | 0 |
_aআনর্্তজাতিক সম্পর্ক- ১৯১৯-১৯৩৯ _bআনর্্তজাতিক সম্পর্ক- ১৯১৯-১৯৩৯ |
|
| 700 | 1 | _a- | |
| 942 |
_2ddc _cBK |
||
| 999 |
_c15163 _d15163 |
||